| 000 | 01139 a2200265 4500 | ||
|---|---|---|---|
| 003 | Nust | ||
| 005 | 20230206120351.0 | ||
| 010 | _a 2009346727 | ||
| 020 | _a8129113783 | ||
| 020 | _a9788129113788 | ||
| 035 | _a(OCoLC)432588564 | ||
| 035 | _a(OCoLC)ocn432588564 | ||
| 040 | _cNust | ||
| 082 | 0 | 4 | _a954.9092,SIN |
| 100 | 1 |
_aSingh, Jaswant, _945914 |
|
| 245 | 1 | 0 |
_aJinnah : _bIndia, partition, independence / _cJaswant Singh. |
| 260 |
_aNew Delhi : _bRupa & Co., _c2009. |
||
| 300 |
_axvi, 669 p. : _bill., maps ; _c24 cm. |
||
| 505 | _aIntroduction (Page-1), India and Islam (Page-12), Jenabhai to Jinnah (Page-59), The Turbulent Twenties (Page-114), Sharpening Fous (Page-151), A Short Decade (Page-207), Sunset of the Empire (Page-275), A War of Succession (Page-332), Stymied Negotiations (Page-394), Mounabatten Vicceroyalty (Page-428), Pakistan Birth Independence (Page-467), In Retrospect (Page-477). | ||
| 600 | 1 | 0 |
_aJinnah, Mahomed Ali, _d1876-1948. |
| 650 | 0 |
_aStatesmen _zPakistan _9108652 |
|
| 651 | 0 |
_aIndia _xHistory _yPartition, 1947. _9204 |
|
| 651 | 0 |
_aIndia _xPolitics and government _y1919-1947. |
|
| 942 |
_2ddc _cBK |
||
| 999 |
_c180774 _d180774 |
||